| 000 | 00518pab a2200181 454500 | ||
|---|---|---|---|
| 008 | 180718b2006 xxu||||| |||| 00| 0 eng d | ||
| 100 | _aAhmad, Nabi | ||
| 245 | _aEmpowerment of socio-economically weaker sections through education: commitments and challenges | ||
| 260 | _c2006 | ||
| 300 | _ap.16-20,26. | ||
| 362 | _a11 Sep | ||
| 650 | _aEducation - India | ||
| 650 | _aBackward classes - India | ||
| 650 | _aBackward classes | ||
| 700 | _aSiddiqui, Mohd. Abid | ||
| 773 | _aUniversity News | ||
| 909 | _a71599 | ||
| 999 |
_c71599 _d71599 |
||